000 00674nam a2200265Ia 4500
005 20260121161417.0
008 008 260114s9999 xx 000 0 eng d
020 _a9781003346401
037 _aEBOOK
040 _aCRL
040 _beng
040 _cCRL
041 _2eng
041 _aeng
084 _qCRL
100 _aBiology and Biotechnology of Environmental Stress Tolerance in Plants
_91044358
245 0 _aAryadeep Roychoudhury
260 _bTaylor and Francis
260 _c2024
650 _aBotany
_91044359
856 _uhttp://www.taylorfrancis.com/books/9781003346401
942 _cEBOOK
999 _c1610586
_d1610586